Central Library OPAC University of Rajshahi

علم البيان ;; ʿIlm al-bayān / (Record no. 78639)

MARC details
000 -LEADER
fixed length control field 00893cam a2200241 a 4500
001 - CONTROL NUMBER
control field 78639
003 - CONTROL NUMBER IDENTIFIER
rucl marc code BD-RjUL
005 - DATE AND TIME OF LATEST TRANSACTION
control field 20211209083145.0
008 - FIXED-LENGTH DATA ELEMENTS--GENERAL INFORMATION
fixed length control field 211025s2002 ua b 000|0 ara d
020 ## - INTERNATIONAL STANDARD BOOK NUMBER
International Standard Book Number 977572709X
035 ## - SYSTEM CONTROL NUMBER
System control number (BD-RjUL)
040 ## - CATALOGING SOURCE
Original cataloging agency BD-RjUL
Language of cataloging eng
Transcribing agency BD-RjUL
041 ## - LANGUAGE CODE
Language code of text/sound track or separate title ara
082 ## - DEWEY DECIMAL CLASSIFICATION NUMBER
Edition number 23
Classification number 808.04927
Author mark and year ATI 2002
100 1# - MAIN ENTRY--PERSONAL NAME
Personal name عتيق، عبد العزيز;; Atīq, ʿAbd al-ʿAzīz.
9 (RLIN) 246925
245 10 - TITLE STATEMENT
Title علم البيان ;; ʿIlm al-bayān /
Statement of responsibility, etc. عبد العزيز عتيق. ;; Abd al-ʿAzīz ʿAtīq.
260 ## - PUBLICATION, DISTRIBUTION, ETC. (IMPRINT)
Place of publication, distribution, etc. [al-Qāhirah] :
Name of publisher, distributor, etc. دار الآفاق العربية، ;; Dār al-Āfāq al-ʿArabīyah,
Date of publication, distribution, etc. 1998.
300 ## - PHYSICAL DESCRIPTION
Pagination 160 p. ;
Size 24 cm.
504 ## - BIBLIOGRAPHY, ETC. NOTE
Bibliography, etc Includes bibliographical references.
650 #0 - SUBJECT ADDED ENTRY--TOPICAL TERM
Topical term or geographic name as entry element Arabic language
General subdivision Rhetoric.
9 (RLIN) 249335
830 #0 - SERIES ADDED ENTRY--UNIFORM TITLE
Uniform title في البلاغة العربية ;; Fī al-balāghah al-ʿArabīyah
942 ## - ADDED ENTRY ELEMENTS (KOHA)
Source of classification or shelving scheme Dewey Decimal Classification
Koha item type Books
Holdings
Lost status Source of classification or shelving scheme Damaged status Not for loan Collection code Permanent Location Current Location Shelving location Date acquired Source of acquisition Cost, normal purchase price Total Checkouts Full call number Date last seen Copy number Koha item type
  Dewey Decimal Classification   Not For Loan Non-fiction Central Library, University of Rajshahi Central Library, University of Rajshahi Reading Room 18/11/2009 Ahsania Mission, Dhaka 300.00   A 808.04927 ATI 2002 25/10/2021 C-1 Books